000 00490nam a2200145Ia 4500
008 250112s9999 xx 000 0 und d
020 _a978-3-319-03850-6
100 _aRoberto Baldoni, Nicolas Nisse, Maarten van Steen
245 0 _aPrinciples of Distributed Systems
250 _a2013
260 _c2013
_bSpringer International Publishing
440 _aLecture Notes in Computer Science
856 _uhttps://link.springer.com/openurl?genre=book&isbn=978-3-319-03850-6
942 _cEB
999 _c377759
_d377759